Tokyo Subway Stations by Map Quiz - Statistics

General Stats
  • This quiz has been taken 468 times
    459 since last reset
  • The average score is 91 of 291
Answers on the Map
Answers color-coded by a green-red scale on the quiz's map according to % correct below.
 
Answer Stats
Answer % Correct
Shinjuku
81%
Shibuya
80%
Ginza
78%
Tokyo
77%
Asakusa
67%
Ueno
64%
Akihabara
59%
Hibiya
59%
Ikebukuro
56%
Mita
55%
Roppongi
51%
Yoyogi
51%
Yurakucho
51%
Meguro
50%
Otemachi
49%
Shinjuku-Sanchome
49%
Shinjuku-sanchome
49%
Hanzomon
48%
Nakano
47%
Oshiage
47%
Nihombashi
45%
Omote-sando
45%
Kanda
44%
Akasaka
43%
Higashi-ginza
43%
Kita-senju
42%
Shimbashi
42%
Toranomon
42%
Iidabashi
41%
Meiji-jingumae
41%
Meiji-jingūmae
41%
Yotsuya
41%
Nishi-Shinjuku
39%
Shin-Kiba
39%
Tsukiji
39%
Ebisu
38%
Higashi-shinjuku
38%
Higashi-Shinjuku
38%
Ochanomizu
38%
Yoyogi-Uehara
38%
Ayase
37%
Minami-senju
37%
Naka Meguro
37%
Aoyama-itchome
36%
Kokkai-gijidomae
36%
Nishi-Funabashi
36%
Tameike-sanno
36%
Wakoshi
36%
Kasumigaseki
35%
Yoyogi-Koen
35%
Kudanshita
34%
Ogikubo
34%
Takadanobaba
34%
Ichigaya
33%
Ningyocho
33%
Toyosu
33%
Waseda
33%
Asakusabashi
32%
Daimon
32%
Gotanda
32%
Kita-Ayase
32%
Nakano-Sakaue
32%
Nakano-sakaue
32%
Nishi-Nippori
32%
Tochomae
32%
Toranomon Hills
32%
Akasaka-mitsuke
31%
Jimbocho
31%
Nagatacho
31%
Nerima
31%
Sugamo
31%
Suidobashi
31%
Ginza-itchome
30%
Hiroo
30%
Kasai
30%
Kinshicho
30%
Komagome
30%
Korakuen
30%
Kyobashi
30%
Mitsukoshimae
30%
Nogizaka
30%
Azabu-juban
29%
Chikatetsu-narimasu
29%
Inaricho
29%
Kiba
29%
Nezu
29%
Nishi-magome
29%
Nishi-waseda
29%
Oji
29%
Sengakuji
29%
Urayasu
29%
Heiwadai
28%
Magome
28%
Shin-ochanomizu
28%
Tsukishima
28%
Higashi-nakano
27%
Hikarigaoka
27%
Honancho
27%
Iriya
27%
Kita-sandō
27%
Motoyawata
27%
Nijubashimae
27%
Nishi-takashimadaira
27%
Ochiai
27%
Shirokanedai
27%
Shirokane-takanawa
27%
Takashimadaira
27%
Ueno-hirokoji
27%
Chikatetsu-akatsuka
26%
Hongo-Sanchome
26%
Hongo-sanchome
26%
Kasuga
26%
Kiyosumi-shirakawa
26%
Kotake-mukaihara
26%
Roppongi-itchome
26%
Toshimaen
26%
Zōshigaya
26%
Gaiemmae
25%
Machiya
25%
Senkawa
25%
Toyocho
25%
Kamiyacho
24%
Kayabacho
24%
Monzen-Nakacho
24%
Monzen-nakacho
24%
Myoden
24%
Myogadani
24%
Nishi-Kasai
24%
Nishi-shinjuku-gochome
24%
Sakuradamon
24%
Sendagi
24%
Shimo
24%
Shin-Nakano
24%
Shin-takashimadaira
24%
Suehirocho
24%
Suitengumae
24%
Sumiyoshi
24%
Tawaramachi
24%
Yotsuya-Sanchome
24%
Gyotoku
23%
Higashi-nihombashi
23%
Hikawadai
23%
Kagurazaka
23%
Kanamecho
23%
Kanamechō
23%
Kuramae
23%
Minowa
23%
Ryogoku
23%
Shin-Koenji
23%
Shin-Otsuka
23%
Takebashi
23%
Todaimae
23%
Yushima
23%
Akabane-iwabuchi
22%
Kachidoki
22%
Shin-okachimachi
22%
Edogawabashi
21%
Hatchobori
21%
Hon-komagome
21%
Itabashi-kuyakushomae
21%
Minami-asagaya
21%
Nakai
21%
Naka-Okachimachi
21%
Ochiai-minami-nagasaki
21%
Onarimon
21%
Shibakoen
21%
Shinjuku-gyoemmae
21%
Shiodome
21%
Tsukijishijo
21%
Akabanebashi
20%
Awajicho
20%
Baraki-Nakayama
20%
Gokokuji
20%
Higashi-Koenji
20%
Honjo-azumabashi
20%
Kojimachi
20%
Kokuritsu-kyogijo
20%
Minami-Gyotoku
20%
Minami-Sunamachi
20%
Nakano-Fujimicho
20%
Shin-itabashi
20%
Takanawadai
20%
Hakusan
19%
Hasune
19%
Itabashi-honcho
19%
Morishita
19%
Nakano-Shimbashi
19%
Nerima-kasugacho
19%
Nishi-sugamo
19%
Oji-kamiya
19%
Ojima
19%
Shin-egota
19%
Shinjuku-Nishiguchi
19%
Shintomicho
19%
Ueno-okachimachi
19%
Nishidai
18%
Sengoku
18%
Shimura-sakaue
18%
Shimura-sanchome
18%
Takaracho
18%
Tatsumi
18%
Uchisaiwaicho
18%
Bakuro-yokoyama
17%
Motohasunuma
17%
Nakanobu
17%
Ushigome-kagurazaka
17%
Higashi-ojima
16%
Mizue
16%
Nishigahara
16%
Nishi-ojima
16%
Togoshi
16%
Ushigome-yanagicho
16%
Iwamotocho
15%
Kodemmacho
15%
Ogawamachi
15%
Wakamatsu-kawada
15%
Hamacho
14%
Funabori
13%
Ichinoe
13%
Shinozaki
13%
Kikukawa
12%
Higashi-ikebukoro
3%
Shimbasi
3%
Akenbonobashi
2%
Ikebukoro
2%
Megoru
1%
No matching quizzes found
Score Distribution
Percent of People with Each Score
Percentile by Number Answered
Your Score History
You have not taken this quiz since the last reset